El último suspiro (Record no. 156357)

MARC details
000 -LEADER
campo de control de longitud fija 00723nam a22001695i 4500
001 - NÚMERO DE CONTROL
campo de control 156357
003 - IDENTIFICADOR DE NÚMERO DE CONTROL
campo de control ES-MaACL
005 - FECHA Y HORA DE LA ÚLTIMA TRANSACCIÓN
campo de control 20230906210406.0
008 - DATOS DE LONGITUD FIJA--INFORMACIÓN GENERAL
campo de control de longitud fija 040730s1856 sp |||| | spa d
040 ## - FUENTE DE CATALOGACIÓN
Centro catalogador/agencia de origen CAM
Lengua de catalogación spa
Centro/agencia transcriptor CAM
100 1# - ENTRADA PRINCIPAL--NOMBRE DE PERSONA
Nombre de persona Jiménez Placer, Carlos.
9 (RLIN) 128315
245 13 - MENCIÓN DEL TÍTULO
Título El último suspiro
Resto del título : drama en cuatro actos y en verso /
Mención de responsabilidad, etc. orijinal [sic] de Carlos Jimenez Placer.
260 ## - PUBLICACIÓN, DISTRIBUCIÓN, ETC.
Lugar de publicación, distribución, etc. Sevilla :
Nombre del editor, distribuidor, etc. [s.n.],
Fecha de publicación, distribución, etc. 1856 (
Fabricante Juan Moyano impresor y encuadernador)
300 ## - DESCRIPCIÓN FÍSICA
Extensión 100 p. ;
Dimensiones 19 cm.
597 ## - NOTA DE DESCRIPCIÓN FÍSICA
NOTA DE DESCRIPCIÓN FÍSICA Port. con viñeta xil.
852 ## - LOCALIZACIÓN
Ubicación ES-MaACL
Número de control de estantería F-8553(7)
Nota libre -- Enc. pasta española
condición física -- Falto de la cub. original
Nota libre -- Enc. en un vol. facticio formando parte de la col. facticia "Teatro español moderno", v. 5
Holdings
Estatus retirado Estado de pérdida Estado de daño No para préstamo Colección Biblioteca de origen Biblioteca actual Ubicación en estantería Fecha de adquisición Total de préstamos Signatura topográfica completa Código de barras Visto por última vez Precio de reemplazo Tipo de ítem Koha
        Libros del s. XIX Biblioteca del Ateneo de Madrid Biblioteca del Ateneo de Madrid Sala Pecera Planta 2 17/01/2008   F-8553(7) 1163582 23/02/2023 23/02/2023 Libro impreso antiguo